|
|
|
|
| LEADER |
00000nam0a2200000 4500 |
| 001 |
372974 |
| 005 |
20231102012526.0 |
| 010 |
|
|
|a 528800506
|
| 035 |
|
|
|a (RuTPU)RU\TPU\retro\30399
|
| 035 |
|
|
|a RU\TPU\book\242601
|
| 090 |
|
|
|a 372974
|
| 100 |
|
|
|a 20221215d1988 k y0rusy50 ca
|
| 101 |
0 |
|
|a rus
|
| 102 |
|
|
|a RU
|
| 105 |
|
|
|a y z 001zy
|
| 200 |
1 |
|
|a Некоторые вопросы теории погрешностей
|f С. Г. Михлин
|g Ленинградский государственный университет (ЛГУ)
|
| 210 |
|
|
|a Ленинград
|c Изд-во ЛГУ
|d 1988
|
| 215 |
|
|
|a 334 с.
|
| 320 |
|
|
|a Библиогр.: с. 325-333.
|
| 606 |
1 |
|
|a Погрешности при физических измерениях
|2 stltpush
|3 (RuTPU)RU\TPU\subj\49529
|9 68316
|
| 606 |
1 |
|
|a Погрешности
|x (математика)
|2 stltpush
|3 (RuTPU)RU\TPU\subj\49527
|9 68314
|
| 610 |
1 |
|
|a погрешности
|
| 610 |
1 |
|
|a вычислительные процессы
|
| 610 |
1 |
|
|a аппроксимация
|
| 610 |
1 |
|
|a искажение
|
| 610 |
1 |
|
|a линейные алгебраческие системы
|
| 610 |
1 |
|
|a линейные процессы
|
| 610 |
1 |
|
|a задачи
|
| 610 |
1 |
|
|a уравнения
|
| 610 |
1 |
|
|a нелинейные вычислительные процессы
|
| 610 |
1 |
|
|a примеры
|
| 675 |
|
|
|a 53.088
|v 3
|
| 675 |
|
|
|a 519.6
|v 3
|
| 700 |
|
1 |
|a Михлин
|b С. Г.
|g Соломон Григорьевич
|
| 712 |
0 |
2 |
|a Ленинградский государственный университет (ЛГУ)
|c (1924-1991)
|2 stltpush
|3 (RuTPU)RU\TPU\col\77
|
| 801 |
|
1 |
|a RU
|b 63413507
|c 20120924
|
| 801 |
|
2 |
|a RU
|b 63413507
|c 20221215
|g RCR
|
| 942 |
|
|
|c BK
|